| 000 | 00998 am a2200337 a 4500 | ||
|---|---|---|---|
| 005 | 20240517115502.0 | ||
| 008 | 100323s1988||||ag a f |||| 000 0 spa d | ||
| 020 | _aS/N | ||
| 041 | _aspa | ||
| 092 |
_c612.3 _l25 _sFIS |
||
| 245 |
_aFisiología digestiva / _cPablo Scacchi. |
||
| 250 | _a1a ed. | ||
| 260 |
_aBuenos Aires: _bS/N; _c[1990?] |
||
| 300 |
_a229 p. _bil. |
||
| 500 | _aScacchi, P. et al. (1990). Fisiología Digestiva. (1a ed.). Buenos Aires : S/N. | ||
| 590 | _aDonación Cecilia Fontana, 2007 | ||
| 653 | _aMotilidad | ||
| 653 | _aSecreción | ||
| 653 | _aDigestión: física / química | ||
| 653 | _aAbsorción | ||
| 653 | _aEstructura general del tubo digestivo | ||
| 653 | _aRegulación funcional del tubo digestivo | ||
| 700 | 1 |
_aScacchi, Pablo _9245 |
|
| 700 | 1 |
_aLópez De Luise, Gustavo A. _9246 |
|
| 700 | 1 |
_aTumilasci, Omar R. _9247 |
|
| 700 | 1 |
_aLópez Gastón, Alberto _9248 |
|
| 930 | _a247 | ||
| 930 | _a1820 | ||
| 930 | _a1948 | ||
| 942 |
_2ddc _cBK |
||
| 999 |
_c173 _d173 |
||